Foxfire 2: ghost stories, spring wild plant foods, spinning and weaving, midwifing, burial customs, corn shuckin's, wagon making and more affairs of plain living. (Record no. 20)

MARC details
000 -LEADER
fixed length control field 01196cam a2200337 4500
005 - DATE AND TIME OF LATEST TRANSACTION
control field 20260322212003.0
008 - FIXED-LENGTH DATA ELEMENTS--GENERAL INFORMATION
fixed length control field data
010 ## - LIBRARY OF CONGRESS CONTROL NUMBER
LC control number 73163362
020 ## - INTERNATIONAL STANDARD BOOK NUMBER
International Standard Book Number 0385022670
020 ## - INTERNATIONAL STANDARD BOOK NUMBER
International Standard Book Number 9780385022675
040 ## - CATALOGING SOURCE
Original cataloging agency DLC
Transcribing agency DLC
Modifying agency DLC
042 ## - AUTHENTICATION CODE
Authentication code lcac
043 ## - GEOGRAPHIC AREA CODE
Geographic area code n-us-ga
050 00 - LIBRARY OF CONGRESS CALL NUMBER
Classification number F291.2
Item number .F62
082 00 - DEWEY DECIMAL CLASSIFICATION NUMBER
Classification number 975.8/123
092 ## - LOCALLY ASSIGNED DEWEY CALL NUMBER (OCLC)
Classification number 975.8 F62 1973
001 - CONTROL NUMBER
control field data
245 00 - TITLE STATEMENT
Title Foxfire 2: ghost stories, spring wild plant foods, spinning and weaving, midwifing, burial customs, corn shuckin's, wagon making and more affairs of plain living.
Statement of responsibility, etc. edited by Eliot Wigginton.
260 ## - PUBLICATION, DISTRIBUTION, ETC.
Place of publication, distribution, etc. Garden City, N.Y.,
Name of publisher, distributor, etc. Anchor Press/Doubleday,
Date of publication, distribution, etc. 1973.
300 ## - PHYSICAL DESCRIPTION
Extent 410 p.
Other physical details illus.
Dimensions 24 cm.
350 ## - PRICE (NR) (BK AM CF MU VM SE) [OBSOLETE]
Price {dollar}4.50
520 ## - SUMMARY, ETC.
Summary, etc. Interviews and essays describe the way of life and crafts of pioneer America still surviving in the Appalachian region.
650 #0 - SUBJECT ADDED ENTRY--TOPICAL TERM
Topical term or geographic name entry element Country life
Geographic subdivision Georgia.
650 #0 - SUBJECT ADDED ENTRY--TOPICAL TERM
Topical term or geographic name entry element Handicraft
Geographic subdivision Georgia.
650 #1 - SUBJECT ADDED ENTRY--TOPICAL TERM
Topical term or geographic name entry element Country life
Geographic subdivision Georgia.
650 #1 - SUBJECT ADDED ENTRY--TOPICAL TERM
Topical term or geographic name entry element Handicraft.
651 #0 - SUBJECT ADDED ENTRY--GEOGRAPHIC NAME
Geographic name Georgia
General subdivision Social life and customs.
700 1# - ADDED ENTRY--PERSONAL NAME
Personal name Wigginton, Eliot,
Relator term ed.
730 ## - ADDED ENTRY--UNIFORM TITLE
Uniform title Foxfire.
856 42 - ELECTRONIC LOCATION AND ACCESS
Materials specified Publisher description
Uniform Resource Identifier <a href="http://www.loc.gov/catdir/description/random0414/73163362.html">http://www.loc.gov/catdir/description/random0414/73163362.html</a>
Holdings
Withdrawn status Lost status Damaged status Not for loan Home library Current library Shelving location Date acquired Total checkouts Full call number Barcode Date last seen Price effective from Koha item type
        Pleasant Valley Pleasant Valley General stacks 22/03/2026   975.8/123 BC0010020 22/03/2026 22/03/2026 Books